000
00331nam a2200133Ia 4500
008
240624s9999 xx 000 0 und d
041
_a
eng
082
_a
330 NOR
100
_a
NORBERG JOHAN
245
_a
PROGRESS TEN REASONS TO LOOK FORWARD TO
260
_c
2016
_a
London
_b
Oneworld
300
_a
246 p.; 23 cm.
365
_c
_b
33
999
_c
32378
_d
32378